[Event "VI Sunway Sitges Open 2019"]
[Site "Sitges"]
[Date "2019.12.16"]
[Round "4.46"]
[White "Zanan, Evgeny"]
[Black "Unuk, Laura"]
[Result "1/2-1/2"]
[WhiteElo "2493"]
[BlackElo "2305"]
[Annotator "ChessBase"]
[PlyCount "138"]
[EventDate "2019.12.13"]
[EventType "swiss"]
[EventCountry "ESP"]
[SourceTitle "playchess.com"]
[Source "ChessBase"]
[SourceQuality "1"]
[TimeControl "40/5400+30:1800+30"]

1. e4 {[%emt 0:07:57]} e5 {[%emt 0:00:14]} 2. Nf3 {[%emt 0:00:05]} Nc6 {[%emt 0:00:05]} 3. Bb5 {[%emt 0:00:04]} a6 {[%emt 0:00:11]} 4. Ba4 {[%emt 0:00:05]} Nf6 {[%emt 0:00:20]} 5. O-O {[%emt 0:00:06]} b5 {[%emt 0:01:45]} 6. Bb3 {[%emt 0:02:58]} Bc5 {[%emt 0:00:07]} 7. a4 {[%emt 0:00:04]} Rb8 {[%emt 0:00:23]} 8. c3 {[%emt 0:00:12]} d6 {[%emt 0:00:12]} 9. d4 {[%emt 0:00:04]} Bb6 {[%emt 0:00:11]} 10. a5 {[%emt 0:00:05]} Ba7 {[%emt 0:00:34]} 11. h3 {[%emt 0:00:07]} h6 {[%emt 0:05:38]} 12. Be3 {[%emt 0:06:08]} Ra8 {[%emt 0:01:30]} 13. Re1 {[%emt 0:18:01]} O-O {[%emt 0:01:14]} 14. Qc1 {[%emt 0:02:37]} Bb7 {[%emt 0:08:08]} 15. d5 {[%emt 0:04:22]} Bxe3 {[%emt 0:00:57]} 16. Qxe3 {[%emt 0:00:20]} Ne7 {[%emt 0:00:29]} 17. Ba2 {[%emt 0:06:02]} g5 {[%emt 0:12:36]} 18. Nbd2 {[%emt 0:01:28]} Ng6 {[%emt 0:00:57]} 19. Nh2 {[%emt 0:03:27]} Kg7 {[%emt 0:00:59]} 20. b4 {[%emt 0:04:18]} Nh5 {[%emt 0:04:52]} 21. Bb1 {[%emt 0:02:22]} Nhf4 {[%emt 0:01:28]} 22. Bd3 {[%emt 0:08:41]} Bc8 {[%emt 0:12:44]} 23. Bf1 {[%emt 0:03:16]} h5 {[%emt 0:04:51]} 24. f3 {[%emt 0:02:45]} f5 {[%emt 0:03:39]} 25. Rac1 {[%emt 0:07:11]} g4 {[%emt 0:07:23]} 26. exf5 {[%emt 0:05:58]} Bxf5 {[%emt 0:02:05]} 27. fxg4 {[%emt 0:02:11]} hxg4 {[%emt 0:02:44]} 28. hxg4 {[%emt 0:01:14]} Nxd5 {[%emt 0:00:59]} 29. Qg3 {[%emt 0:00:06]} Be6 {[%emt 0:02:12]} 30. Ne4 {[%emt 0:03:01]} Qe7 {[%emt 0:06:31]} 31. Nf3 {[%emt 0:03:23]} Rf4 {[%emt 0:02:08]} 32. Nf2 {[%emt 0:00:03]} Raf8 {[%emt 0:07:56]} 33. Bd3 {[%emt 0:00:25]} Nf6 {[%emt 0:02:09]} 34. Nh2 {[%emt 0:02:12]} Nh7 {[%emt 0:01:33]} 35. Bxg6 {[%emt 0:02:11]} Kxg6 {[%emt 0:00:07]} 36. Nd3 {[%emt 0:00:43]} R4f7 {[%emt 0:01:02]} 37. Nf3 {[%emt 0:01:09]} Rf6 {[%emt 0:04:38]} 38. Nh4+ {[%emt 0:02:15]} Kf7 {[%emt 0:02:10]} 39. g5 {[%emt 0:00:29]} Nxg5 {[%emt 0:00:43]} 40. Qxg5 {[%emt 0:00:00]} Ke8 {[%emt 0:00:00]} 41. Qh5+ {[%emt 0:22:38]} Kd8 {[%emt 0:02:17]} 42. Rcd1 {[%emt 0:06:23]} Qg7 {[%emt 0:01:22]} 43. Qe2 {[%emt 0:03:16]} Bg4 {[%emt 0:14:53]} 44. Qe4 {[%emt 0:00:01]} Bxd1 {[%emt 0:00:06]} 45. Rxd1 {[%emt 0:00:03]} Qg3 {[%emt 0:00:28]} 46. Nxe5 {[%emt 0:01:01]} Re8 {[%emt 0:08:22]} 47. Qa8+ {[%emt 0:00:10]} Ke7 {[%emt 0:00:03]} 48. Nhg6+ {[%emt 0:00:20]} Rxg6 {[%emt 0:00:11]} 49. Nxg6+ {[%emt 0:00:04]} Qxg6 {[%emt 0:01:50]} 50. Re1+ {[%emt 0:00:04]} Kd7 {[%emt 0:00:25]} 51. Qxe8+ {[%emt 0:00:05]} Qxe8 {[%emt 0:00:03]} 52. Rxe8 {[%emt 0:00:04]} Kxe8 {[%emt 0:00:05]} 53. Kf2 {[%emt 0:00:05]} c6 {[%emt 0:03:50]} 54. Ke3 {[%emt 0:00:09]} Ke7 {[%emt 0:00:04]} 55. g4 {[%emt 0:00:58]} Ke6 {[%emt 0:00:57]} 56. Kf4 {[%emt 0:02:53]} Kf6 {[%emt 0:01:14]} 57. g5+ {[%emt 0:00:05]} Kg6 {[%emt 0:02:31]} 58. Kg4 {[%emt 0:00:04]} c5 {[%emt 0:00:07]} 59. Kf4 {[%emt 0:00:04]} c4 {[%emt 0:00:51]} 60. Kg4 {[%emt 0:01:57]} d5 {[%emt 0:00:15]} 61. Kf4 {[%emt 0:00:04]} d4 {[%emt 0:00:13]} 62. cxd4 {[%emt 0:00:16]} c3 {[%emt 0:00:03]} 63. Ke3 {[%emt 0:00:03]} Kxg5 {[%emt 0:00:04]} 64. Kd3 {[%emt 0:00:57]} Kf5 {[%emt 0:00:14]} 65. Kc2 {[%emt 0:01:17]} Kf4 {[%emt 0:00:46]} 66. Kb3 {[%emt 0:01:17]} Kf5 {[%emt 0:00:28]} 67. Kxc3 {[%emt 0:00:27]} Ke4 {[%emt 0:00:05]} 68. d5 {[%emt 0:00:04]} Kxd5 {[%emt 0:00:05]} 69. Kd3 {[%emt 0:00:02]} Ke5 {[%emt 0:00:15] Ke4+} 1/2-1/2

[Event "VI Sunway Sitges Open 2019"]
[Site "Sitges"]
[Date "2019.12.16"]
[Round "4.47"]
[White "Zadruzny, Nicolaj"]
[Black "Garriga Cazorla, Pere"]
[Result "1/2-1/2"]
[WhiteElo "2308"]
[BlackElo "2484"]
[Annotator "ChessBase"]
[PlyCount "82"]
[EventDate "2019.12.13"]
[EventType "swiss"]
[EventCountry "ESP"]
[SourceTitle "playchess.com"]
[Source "ChessBase"]
[SourceQuality "1"]
[TimeControl "40/5400+30:1800+30"]

1. e4 {[%emt 0:00:00]} c5 {[%emt 0:00:00]} 2. Nf3 {[%emt 0:00:00]} d6 {[%emt 0:00:01]} 3. Bb5+ {[%emt 0:00:27]} Nd7 {[%emt 0:00:35]} 4. c3 {[%emt 0:00:13]} Ngf6 {[%emt 0:00:36]} 5. Qe2 {[%emt 0:00:14]} a6 {[%emt 0:00:07]} 6. Ba4 {[%emt 0:00:06]} b5 {[%emt 0:00:05]} 7. Bc2 {[%emt 0:00:05]} e6 {[%emt 0:00:50]} 8. O-O {[%emt 0:01:04]} Be7 {[%emt 0:01:33]} 9. d4 {[%emt 0:00:08]} Bb7 {[%emt 0:00:08]} 10. Re1 {[%emt 0:00:09]} Qc7 {[%emt 0:00:25]} 11. a4 {[%emt 0:00:18]} O-O {[%emt 0:05:13]} 12. axb5 {[%emt 0:00:09]} axb5 {[%emt 0:00:06]} 13. Rxa8 {[%emt 0:00:06]} Rxa8 {[%emt 0:03:43]} 14. Na3 {[%emt 0:00:08]} b4 {[%emt 0:11:24]} 15. Nb5 {[%emt 0:00:07]} Qb6 {[%emt 0:00:38]} 16. e5 {[%emt 0:00:18]} Ne8 {[%emt 0:15:11]} 17. dxc5 {[%emt 0:06:26]} Qxc5 {[%emt 0:12:34]} 18. Be3 {[%emt 0:00:12]} Qc6 {[%emt 0:00:05]} 19. exd6 {[%emt 0:03:57]} Nxd6 {[%emt 0:01:52]} 20. Nbd4 {[%emt 0:00:10]} Qc4 {[%emt 0:05:18]} 21. cxb4 {[%emt 0:08:15]} Qxb4 {[%emt 0:06:31]} 22. Bd2 {[%emt 0:04:44]} Qc4 {[%emt 0:01:22]} 23. Qe3 {[%emt 0:15:30]} Nc5 {[%emt 0:06:31]} 24. Ne5 {[%emt 0:02:22]} Qd5 {[%emt 0:01:00]} 25. f3 {[%emt 0:04:58]} Bf6 {[%emt 0:01:48]} 26. Bc3 {[%emt 0:03:09]} Nc4 {[%emt 0:01:37]} 27. Nxc4 {[%emt 0:00:17]} Qxc4 {[%emt 0:00:05]} 28. Ne2 {[%emt 0:01:57]} Bxc3 {[%emt 0:01:08]} 29. Qxc3 {[%emt 0:00:41]} Qxc3 {[%emt 0:02:18]} 30. Nxc3 {[%emt 0:01:25]} Kf8 {[%emt 0:01:01]} 31. Kf2 {[%emt 0:04:28]} Ke7 {[%emt 0:01:56]} 32. f4 {[%emt 0:02:09]} g6 {[%emt 0:02:02]} 33. g4 {[%emt 0:04:20]} h6 {[%emt 0:02:33]} 34. h4 {[%emt 0:00:37]} Nd7 {[%emt 0:01:47]} 35. Be4 {[%emt 0:11:28]} Bxe4 {[%emt 0:00:22]} 36. Nxe4 {[%emt 0:00:07]} Rb8 {[%emt 0:02:27]} 37. Re2 {[%emt 0:01:10]} Nf6 {[%emt 0:01:55]} 38. Nxf6 {[%emt 0:00:35]} Kxf6 {[%emt 0:00:05]} 39. g5+ {[%emt 0:00:30]} hxg5 {[%emt 0:00:29]} 40. hxg5+ {[%emt 0:00:00]} Ke7 {[%emt 0:00:00]} 41. Ke3 {[%emt 0:02:48]} Rb4 {[%emt 0:01:29]} 1/2-1/2

[Event "VI Sunway Sitges Open 2019"]
[Site "Sitges"]
[Date "2019.12.16"]
[Round "4.48"]
[White "Larino Nieto, David"]
[Black "Gokhvat, Peter"]
[Result "1-0"]
[WhiteElo "2475"]
[BlackElo "2287"]
[Annotator "ChessBase"]
[PlyCount "65"]
[EventDate "2019.12.13"]
[EventType "swiss"]
[EventCountry "ESP"]
[SourceTitle "playchess.com"]
[Source "ChessBase"]
[SourceQuality "1"]
[TimeControl "40/5400+30:1800+30"]

1. e4 {[%emt 0:00:51]} c5 {[%emt 0:00:00]} 2. Nc3 {[%emt 0:00:08]} Nc6 {[%emt 0:00:00]} 3. g3 {[%emt 0:00:12]} g6 {[%emt 0:00:07]} 4. Bg2 {[%emt 0:00:03]} Bg7 {[%emt 0:00:07]} 5. d3 {[%emt 0:00:01]} e6 {[%emt 0:00:11]} 6. Be3 {[%emt 0:00:02]} d6 {[%emt 0:00:06]} 7. f4 {[%emt 0:00:03]} Nge7 {[%emt 0:00:34]} 8. Nf3 {[%emt 0:00:02]} Nd4 {[%emt 0:02:43]} 9. O-O {[%emt 0:00:09]} f5 {[%emt 0:02:20]} 10. h4 {[%emt 0:06:11]} e5 {[%emt 0:20:07]} 11. fxe5 {[%emt 0:01:22]} dxe5 {[%emt 0:00:10]} 12. h5 {[%emt 0:02:00]} f4 {[%emt 0:07:04]} 13. gxf4 {[%emt 0:01:30]} Bg4 {[%emt 0:00:28]} 14. Nxd4 {[%emt 0:03:37]} Bxd1 {[%emt 0:02:02]} 15. Ne6 {[%emt 0:00:16]} Bxc2 {[%emt 0:08:38]} 16. Nxg7+ {[%emt 0:00:15]} Kd7 {[%emt 0:00:23]} 17. Rac1 {[%emt 0:09:46]} gxh5 {[%emt 0:16:10]} 18. fxe5 {[%emt 0:04:34]} Rg8 {[%emt 0:06:49]} 19. Rf7 {[%emt 0:03:22]} Rxg7 {[%emt 0:03:08]} 20. Rxg7 {[%emt 0:00:22]} Qh8 {[%emt 0:01:36]} 21. Rxe7+ {[%emt 0:00:44]} Kxe7 {[%emt 0:00:11]} 22. Nd5+ {[%emt 0:00:04]} Kd7 {[%emt 0:02:51]} 23. Nf6+ {[%emt 0:00:15]} Ke6 {[%emt 0:02:44]} 24. Rxc2 {[%emt 0:00:46]} b6 {[%emt 0:00:45]} 25. d4 {[%emt 0:00:20]} Qg7 {[%emt 0:08:58]} 26. Kh2 {[%emt 0:00:11]} cxd4 {[%emt 0:08:42]} 27. Bxd4 {[%emt 0:00:29]} Qb7 {[%emt 0:00:26]} 28. Bh3+ {[%emt 0:00:04]} Kf7 {[%emt 0:01:04]} 29. e6+ {[%emt 0:00:06]} Kf8 {[%emt 0:00:25]} 30. Rg2 {[%emt 0:02:05]} Qc7+ {[%emt 0:00:04]} 31. e5 {[%emt 0:00:15]} Qc4 {[%emt 0:00:43]} 32. Rg8+ {[%emt 0:00:07]} Ke7 {[%emt 0:00:05]} 33. Rg7+ {[%emt 0:00:03]} 1-0

[Event "VI Sunway Sitges Open 2019"]
[Site "Sitges"]
[Date "2019.12.16"]
[Round "4.49"]
[White "Kjartansson, Gudmundur"]
[Black "Kochavi, Ori"]
[Result "1-0"]
[WhiteElo "2448"]
[BlackElo "2259"]
[Annotator "NA"]
[PlyCount "103"]
[EventDate "2019.12.13"]
[EventType "swiss"]
[EventCountry "ESP"]
[SourceTitle "playchess.com"]
[Source "ChessBase"]
[SourceQuality "1"]
[TimeControl "40/5400+30:1800+30"]

1. Nf3 {[%emt 0:00:05]} Nf6 {[%emt 0:00:07]} 2. c4 {[%emt 0:00:23]} g6 {[%emt 0:00:04]} 3. Nc3 {[%emt 0:00:06]} d5 {[%emt 0:00:22]} 4. cxd5 {[%emt 0:00:15]} Nxd5 {[%emt 0:00:04]} 5. h4 {[%emt 0:02:49]} h6 {[%emt 0:00:13]} 6. e4 {[%emt 0:01:42]} Nxc3 {[%emt 0:00:08]} 7. dxc3 {[%emt 0:00:17]} Qxd1+ {[%emt 0:00:09]} 8. Kxd1 {[%emt 0:00:02]} Bg7 {[%emt 0:03:56]} 9. Bf4 {[%emt 0:01:25]} c6 {[%emt 0:00:06]} 10. Kc2 {[%emt 0:01:53]} Nd7 {[%emt 0:04:05]} 11. Nd2 {[%emt 0:07:07]} O-O {[%emt 0:03:06]} 12. f3 {[%emt 0:19:32]} Ne5 {[%emt 0:17:39]} 13. Nc4 {[%emt 0:08:36]} Nxc4 {[%emt 0:00:19]} 14. Bxc4 {[%emt 0:00:02]} Kh7 {[%emt 0:12:28]} 15. a4 {[%emt 0:01:53]} e5 {[%emt 0:07:48]} 16. Be3 {[%emt 0:00:19]} f5 {[%emt 0:00:05]} 17. Bc5 {[%emt 0:04:32]} Rd8 {[%emt 0:04:45]} 18. Rad1 {[%emt 0:00:58]} Rxd1 {[%emt 0:00:46]} 19. Rxd1 {[%emt 0:00:04]} Bf6 {[%emt 0:00:07]} 20. g3 {[%emt 0:02:09]} Kg7 {[%emt 0:04:35]} 21. a5 {[%emt 0:00:56]} a6 {[%emt 0:15:01]} 22. Kb3 {[%emt 0:01:47]} g5 {[%emt 0:00:53]} 23. hxg5 {[%emt 0:03:30]} Bxg5 {[%emt 0:00:04]} 24. Bd6 {[%emt 0:08:57]} Bf6 {[%emt 0:03:16]} 25. Kb4 {[%emt 0:08:51]} fxe4 {[%emt 0:01:02]} 26. fxe4 {[%emt 0:00:04]} Bg4 {[%emt 0:04:11]} 27. Rf1 {[%emt 0:00:17]} Rd8 {[%emt 0:00:07]} 28. Kc5 {[%emt 0:00:41]} Rd7 {[%emt 0:00:08]} 29. Rf2 {[%emt 0:02:05]} Kg6 {[%emt 0:00:34]} 30. Be2 {[%emt 0:00:35]} Bxe2 {[%emt 0:03:55]} 31. Rxe2 {[%emt 0:00:02]} Kf7 {[%emt 0:00:07]} 32. Rh2 {[%emt 0:03:10]} Bg7 {[%emt 0:03:36]} 33. Rf2+ {[%emt 0:00:56]} Ke6 {[%emt 0:00:09]} 34. Bf8 {[%emt 0:03:13]} Bf6 {[%emt 0:02:55]} 35. Bxh6 {[%emt 0:00:53]} Rh7 {[%emt 0:00:22]} 36. Be3 {[%emt 0:05:14]} Bd8 {[%emt 0:00:10]} 37. b4 {[%emt 0:01:36]} Rg7 {[%emt 0:00:04]} 38. Rd2 {[%emt 0:01:54]} Be7+ {[%emt 0:11:27]} 39. Kb6 {[%emt 0:01:01]} Rxg3 {[%emt 0:00:03]} 40. Re2 {[%emt 0:05:33]} Rg7 {[%emt 0:00:19]} 41. Ka7 {[%emt 0:03:31]} Bd6 {[%emt 0:07:50]} 42. Bc5 {[%emt 0:07:01]} Rg3 {[%emt 0:13:16]} 43. Rc2 {[%emt 0:08:33]} Rg4 {[%emt 0:03:07]} 44. Bxd6 {[%emt 0:03:13]} Kxd6 {[%emt 0:00:08]} 45. Kxb7 {[%emt 0:00:07]} Rxe4 {[%emt 0:00:04]} 46. Rd2+ {[%emt 0:00:19]} Ke6 {[%emt 0:00:14]} 47. Kxa6 {[%emt 0:00:12]} Rc4 {[%emt 0:00:06]} 48. Rc2 {[%emt 0:00:31]} e4 {[%emt 0:00:51]} 49. Kb6 {[%emt 0:00:15]} e3 {[%emt 0:00:02]} 50. a6 {[%emt 0:00:06]} Re4 {[%emt 0:00:05]} 51. a7 {[%emt 0:00:15]} e2 {[%emt 0:00:04]} 52. Rxe2 {[%emt 0:00:08]} 1-0

[Event "VI Sunway Sitges Open 2019"]
[Site "Sitges"]
[Date "2019.12.16"]
[Round "4.50"]
[White "Gorshtein, Ido"]
[Black "Tanmay Chopra"]
[Result "1/2-1/2"]
[WhiteElo "2372"]
[BlackElo "2100"]
[Annotator "NA"]
[PlyCount "92"]
[EventDate "2019.12.13"]
[EventType "swiss"]
[EventCountry "ESP"]
[SourceTitle "playchess.com"]
[Source "ChessBase"]
[SourceQuality "1"]
[TimeControl "40/5400+30:1800+30"]

1. c4 {[%emt 0:01:13]} c5 {[%emt 0:00:07]} 2. Nf3 {[%emt 0:00:15]} Nc6 {[%emt 0:00:08]} 3. d4 {[%emt 0:00:09]} cxd4 {[%emt 0:01:12]} 4. Nxd4 {[%emt 0:00:02]} Nf6 {[%emt 0:00:54]} 5. Nc3 {[%emt 0:00:09]} e6 {[%emt 0:03:23]} 6. a3 {[%emt 0:00:40]} Bc5 {[%emt 0:02:08]} 7. Nb3 {[%emt 0:00:14]} Be7 {[%emt 0:01:19]} 8. e4 {[%emt 0:00:15]} d6 {[%emt 0:00:07]} 9. Be2 {[%emt 0:00:12]} O-O {[%emt 0:00:19]} 10. Nd4 {[%emt 0:05:04]} d5 {[%emt 0:05:32]} 11. cxd5 {[%emt 0:06:28]} exd5 {[%emt 0:00:02]} 12. Nxc6 {[%emt 0:00:58]} bxc6 {[%emt 0:00:02]} 13. exd5 {[%emt 0:00:08]} Nxd5 {[%emt 0:04:01]} 14. Nxd5 {[%emt 0:02:30]} cxd5 {[%emt 0:00:42]} 15. O-O {[%emt 0:00:11]} Bf6 {[%emt 0:02:12]} 16. Rb1 {[%emt 0:00:42]} d4 {[%emt 0:02:23]} 17. Bd3 {[%emt 0:05:00]} Qd5 {[%emt 0:02:48]} 18. b4 {[%emt 0:02:11]} Bb7 {[%emt 0:03:35]} 19. Qg4 {[%emt 0:00:46]} Rfe8 {[%emt 0:05:21]} 20. Bd2 {[%emt 0:07:11]} h5 {[%emt 0:03:53]} 21. Qh3 {[%emt 0:04:01]} Bc8 {[%emt 0:01:42]} 22. Qf3 {[%emt 0:05:45]} Qxf3 {[%emt 0:01:27]} 23. gxf3 {[%emt 0:00:02]} Bb7 {[%emt 0:00:06]} 24. Kg2 {[%emt 0:07:42]} Re6 {[%emt 0:09:13]} 25. Rfe1 {[%emt 0:01:03]} Rae8 {[%emt 0:04:42]} 26. Rxe6 {[%emt 0:03:33]} Rxe6 {[%emt 0:00:03]} 27. Rc1 {[%emt 0:04:00]} Rc6 {[%emt 0:01:37]} 28. Rxc6 {[%emt 0:01:42]} Bxc6 {[%emt 0:00:02]} 29. b5 {[%emt 0:00:11]} Bd5 {[%emt 0:01:37]} 30. a4 {[%emt 0:00:44]} Be7 {[%emt 0:10:09]} 31. Be4 {[%emt 0:02:35]} Bc4 {[%emt 0:02:28]} 32. f4 {[%emt 0:01:29]} g6 {[%emt 0:04:34]} 33. Bc6 {[%emt 0:04:00]} f5 {[%emt 0:05:17]} 34. f3 {[%emt 0:08:47]} Kf7 {[%emt 0:03:24]} 35. a5 {[%emt 0:00:21]} Bc5 {[%emt 0:02:02]} 36. Kf2 {[%emt 0:00:43]} Ke7 {[%emt 0:05:28]} 37. Ke1 {[%emt 0:00:24]} d3 {[%emt 0:02:18]} 38. Kd1 {[%emt 0:02:08]} Kf7 {[%emt 0:02:49]} 39. a6 {[%emt 0:04:39]} Bd4 {[%emt 0:02:17]} 40. Kc1 {[%emt 0:03:56]} Kf6 {[%emt 0:00:03]} 41. h3 {[%emt 0:09:01]} Kf7 {[%emt 0:00:23]} 42. Bb4 {[%emt 0:04:31]} Be3+ {[%emt 0:00:02]} 43. Kb2 {[%emt 0:00:01]} d2 {[%emt 0:00:02]} 44. Bxd2 {[%emt 0:00:01]} Bxd2 {[%emt 0:00:02]} 45. b6 {[%emt 0:00:01]} Be3 46. b7 {[%emt 0:00:04]} Bd2 {[%emt 0:00:01]} 1/2-1/2

[Event "VI Sunway Sitges Open 2019"]
[Site "Sitges"]
[Date "2019.12.16"]
[Round "4.51"]
[White "Gorshtein, Asaf"]
[Black "Pablo Mari, Alejandro"]
[Result "0-1"]
[WhiteElo "2105"]
[BlackElo "2356"]
[Annotator "NA"]
[PlyCount "98"]
[EventDate "2019.12.13"]
[EventType "swiss"]
[EventCountry "ESP"]
[SourceTitle "playchess.com"]
[Source "ChessBase"]
[SourceQuality "1"]
[TimeControl "40/5400+30:1800+30"]

1. e4 {[%emt 0:00:00]} d6 {[%emt 0:00:00]} 2. d4 {[%emt 0:00:00]} Nf6 {[%emt 0:00:00]} 3. Nc3 {[%emt 0:00:09]} g6 {[%emt 0:00:00]} 4. Be3 {[%emt 0:00:53]} Bg7 {[%emt 0:00:54]} 5. Nf3 {[%emt 0:00:40]} c6 {[%emt 0:04:15]} 6. h3 {[%emt 0:02:27]} O-O {[%emt 0:01:53]} 7. Qd2 {[%emt 0:00:31]} Qc7 {[%emt 0:13:23]} 8. Bh6 {[%emt 0:07:46]} e5 {[%emt 0:06:35]} 9. Bxg7 {[%emt 0:02:29]} Kxg7 {[%emt 0:00:02]} 10. O-O-O {[%emt 0:08:18]} b5 {[%emt 0:00:52]} 11. dxe5 {[%emt 0:01:38]} dxe5 {[%emt 0:00:03]} 12. g4 {[%emt 0:02:47]} Re8 {[%emt 0:10:18]} 13. Qd6 {[%emt 0:11:19]} Qxd6 {[%emt 0:04:21]} 14. Rxd6 {[%emt 0:00:02]} a6 {[%emt 0:02:33]} 15. Bg2 {[%emt 0:12:35]} Ra7 {[%emt 0:03:08]} 16. Rhd1 {[%emt 0:05:48]} Rc7 {[%emt 0:06:55]} 17. Ng1 {[%emt 0:09:04]} Nbd7 {[%emt 0:03:51]} 18. Nge2 {[%emt 0:02:49]} Nc5 {[%emt 0:01:52]} 19. g5 {[%emt 0:12:42]} Nh5 {[%emt 0:07:20]} 20. Bf3 {[%emt 0:01:41]} b4 {[%emt 0:04:29]} 21. Nb1 {[%emt 0:00:57]} Bxh3 {[%emt 0:03:03]} 22. Bxh5 {[%emt 0:01:16]} gxh5 {[%emt 0:01:00]} 23. f3 {[%emt 0:00:10]} Re6 {[%emt 0:12:50]} 24. Ng3 {[%emt 0:05:11]} Rxd6 {[%emt 0:01:49]} 25. Rxd6 {[%emt 0:00:05]} Ne6 {[%emt 0:00:06]} 26. Nxh5+ {[%emt 0:01:02]} Kg6 {[%emt 0:00:05]} 27. Nf6 {[%emt 0:01:30]} h5 {[%emt 0:03:50]} 28. Nd7 {[%emt 0:02:17]} Kxg5 {[%emt 0:02:15]} 29. Nxe5 {[%emt 0:01:03]} Kf4 {[%emt 0:00:18]} 30. Nd3+ {[%emt 0:00:44]} Kxf3 {[%emt 0:00:56]} 31. Nd2+ {[%emt 0:00:35]} Kg3 {[%emt 0:03:17]} 32. Nxb4 {[%emt 0:01:09]} Bg2 {[%emt 0:00:58]} 33. Rd3+ {[%emt 0:00:48]} Kg4 {[%emt 0:00:19]} 34. Nc4 {[%emt 0:01:18]} Bxe4 {[%emt 0:00:23]} 35. Re3 {[%emt 0:00:58]} f5 {[%emt 0:01:27]} 36. Nd2 {[%emt 0:00:51]} Kf4 {[%emt 0:00:42]} 37. Rh3 {[%emt 0:00:33]} Kg4 {[%emt 0:00:25]} 38. Re3 {[%emt 0:00:16]} Ng5 {[%emt 0:00:11]} 39. Nxa6 {[%emt 0:00:44]} Rh7 {[%emt 0:00:57]} 40. Nc5 {[%emt 0:00:00]} Bg2 {[%emt 0:00:00]} 41. Nd3 {[%emt 0:08:46]} h4 {[%emt 0:09:57]} 42. Nf2+ {[%emt 0:05:12]} Kf4 {[%emt 0:01:52]} 43. Nc4 {[%emt 0:00:07]} Bf1 {[%emt 0:04:20]} 44. Rc3 {[%emt 0:01:11]} Bxc4 {[%emt 0:01:05]} 45. Rxc4+ {[%emt 0:00:01]} Kg3 {[%emt 0:00:14]} 46. Nd1 {[%emt 0:00:27]} h3 {[%emt 0:05:24]} 47. Ne3 {[%emt 0:00:40]} Kf2 {[%emt 0:01:20]} 48. Nd1+ {[%emt 0:01:06]} Ke2 {[%emt 0:02:24]} 49. Rf4 {[%emt 0:00:35]} Ne4 {[%emt 0:01:17]} 0-1

[Event "VI Sunway Sitges Open 2019"]
[Site "Sitges"]
[Date "2019.12.16"]
[Round "4.52"]
[White "Yaniv, Ori"]
[Black "Karthik Rajaa"]
[Result "1/2-1/2"]
[WhiteElo "2046"]
[BlackElo "2212"]
[Annotator "NA"]
[PlyCount "63"]
[EventDate "2019.12.13"]
[EventType "swiss"]
[EventCountry "ESP"]
[SourceTitle "playchess.com"]
[Source "ChessBase"]
[SourceQuality "1"]
[TimeControl "40/5400+30:1800+30"]

1. e4 {[%emt 0:00:00]} c6 {[%emt 0:01:02]} 2. d4 {[%emt 0:00:00]} d5 {[%emt 0:00:03]} 3. e5 {[%emt 0:02:01]} Bf5 {[%emt 0:00:06]} 4. h4 {[%emt 0:00:06]} h5 {[%emt 0:00:05]} 5. Bd3 {[%emt 0:00:13]} Bxd3 {[%emt 0:01:00]} 6. Qxd3 {[%emt 0:00:08]} e6 {[%emt 0:00:24]} 7. Bg5 {[%emt 0:00:22]} Qb6 {[%emt 0:01:42]} 8. Nd2 {[%emt 0:00:23]} Qa6 {[%emt 0:04:27]} 9. c4 {[%emt 0:00:27]} Bb4 {[%emt 0:09:39]} 10. b3 {[%emt 0:00:19]} Ne7 {[%emt 0:03:57]} 11. Ngf3 {[%emt 0:06:34]} Nd7 {[%emt 0:05:00]} 12. O-O {[%emt 0:02:11]} Nf5 {[%emt 0:01:30]} 13. Qc2 {[%emt 0:08:45]} O-O {[%emt 0:05:45]} 14. a3 {[%emt 0:01:44]} Bxd2 {[%emt 0:04:25]} 15. Bxd2 {[%emt 0:00:39]} dxc4 {[%emt 0:01:33]} 16. bxc4 {[%emt 0:10:32]} Nb6 {[%emt 0:07:33]} 17. Rfc1 {[%emt 0:05:54]} Rfd8 {[%emt 0:02:56]} 18. Be3 {[%emt 0:01:46]} Qa4 {[%emt 0:12:59]} 19. Qxa4 {[%emt 0:15:30]} Nxa4 {[%emt 0:00:02]} 20. Rab1 {[%emt 0:00:11]} c5 {[%emt 0:06:02]} 21. Bg5 {[%emt 0:11:28]} Nxd4 {[%emt 0:12:55]} 22. Bxd8 {[%emt 0:01:54]} Ne2+ {[%emt 0:00:02]} 23. Kf1 {[%emt 0:00:11]} Nxc1 {[%emt 0:00:02]} 24. Be7 {[%emt 0:00:30]} Nd3 {[%emt 0:00:19]} 25. Rxb7 {[%emt 0:00:16]} Nb6 {[%emt 0:01:17]} 26. Ke2 {[%emt 0:15:44]} Nb2 {[%emt 0:00:58]} 27. Bxc5 {[%emt 0:00:50]} N2xc4 {[%emt 0:00:04]} 28. Bd6 {[%emt 0:04:32]} Na5 {[%emt 0:03:24]} 29. Rc7 {[%emt 0:00:40]} Nd5 {[%emt 0:00:18]} 30. Rd7 {[%emt 0:00:43]} Nb6 {[%emt 0:03:32]} 31. Rc7 {[%emt 0:00:08]} Nd5 {[%emt 0:02:09]} 32. Rd7 {[%emt 0:00:43]} 1/2-1/2

[Event "VI Sunway Sitges Open 2019"]
[Site "Sitges"]
[Date "2019.12.16"]
[Round "4.53"]
[White "Rathina Sabapathi A"]
[Black "Medar, Marti"]
[Result "1-0"]
[WhiteElo "1759"]
[BlackElo "1995"]
[Annotator "NA"]
[PlyCount "85"]
[EventDate "2019.12.13"]
[EventType "swiss"]
[EventCountry "ESP"]
[SourceTitle "playchess.com"]
[Source "ChessBase"]
[SourceQuality "1"]
[TimeControl "40/5400+30:1800+30"]

1. d4 {[%emt 0:00:00]} Nf6 {[%emt 0:00:00]} 2. Nf3 {[%emt 0:01:10]} c5 {[%emt 0:00:39]} 3. e3 {[%emt 0:03:54]} cxd4 {[%emt 0:03:55]} 4. exd4 {[%emt 0:00:00]} d5 {[%emt 0:03:02]} 5. Bd3 {[%emt 0:00:00]} Nc6 {[%emt 0:01:05]} 6. O-O {[%emt 0:01:01]} Bg4 {[%emt 0:00:00]} 7. c3 {[%emt 0:03:35]} e6 8. Qb3 {[%emt 0:06:44]} Qc7 {[%emt 0:16:54]} 9. Ne5 {[%emt 0:08:40]} Bd6 {[%emt 0:02:31]} 10. f4 {[%emt 0:04:59]} Bf5 {[%emt 0:00:00]} 11. Bxf5 exf5 12. Na3 {[%emt 0:02:17]} a6 {[%emt 0:04:07]} 13. Be3 {[%emt 0:04:55]} O-O {[%emt 0:06:56]} 14. Nb1 {[%emt 0:07:13]} b5 15. Nd2 {[%emt 0:02:10]} Na5 {[%emt 0:00:00]} 16. Qc2 {[%emt 0:00:30]} g6 {[%emt 0:03:10]} 17. Rfc1 {[%emt 0:08:39]} Nh5 {[%emt 0:08:05]} 18. g3 {[%emt 0:00:00]} Rfe8 {[%emt 0:04:24]} 19. b4 {[%emt 0:04:03]} Nc4 {[%emt 0:00:00]} 20. Ndxc4 {[%emt 0:00:03]} dxc4 {[%emt 0:00:00]} 21. a4 {[%emt 0:06:57]} Qb7 {[%emt 0:11:03]} 22. Qg2 {[%emt 0:06:53]} Qxg2+ {[%emt 0:00:00]} 23. Kxg2 {[%emt 0:01:54]} Nf6 {[%emt 0:01:45]} 24. Kf3 {[%emt 0:02:18]} Nd5 {[%emt 0:00:00]} 25. Bd2 {[%emt 0:00:30]} f6 {[%emt 0:00:00]} 26. Nc6 {[%emt 0:04:24]} Rec8 {[%emt 0:02:47]} 27. axb5 {[%emt 0:02:49]} axb5 {[%emt 0:00:11]} 28. Na7 {[%emt 0:02:33]} Rcb8 {[%emt 0:00:32]} 29. Ra5 {[%emt 0:13:00]} Nc7 {[%emt 0:19:02]} 30. Rca1 {[%emt 0:00:00]} Rb7 {[%emt 0:00:48]} 31. Be3 {[%emt 0:00:00]} Re8 {[%emt 0:04:20]} 32. Nc6 {[%emt 0:00:00]} h6 {[%emt 0:02:44]} 33. Ra7 {[%emt 0:00:00]} Rxa7 {[%emt 0:00:47]} 34. Rxa7 {[%emt 0:00:00]} g5 {[%emt 0:00:38]} 35. Rb7 {[%emt 0:00:00]} g4+ {[%emt 0:01:32]} 36. Kf2 {[%emt 0:00:00]} Nd5 {[%emt 0:03:37]} 37. Bd2 {[%emt 0:00:00]} Nc7 {[%emt 0:00:04]} 38. Na7 {[%emt 0:00:00]} Ra8 {[%emt 0:02:35]} 39. Nxb5 {[%emt 0:00:00]} Ne8 {[%emt 0:01:26]} 40. Ke3 {[%emt 0:00:00]} Ra1 {[%emt 0:00:00]} 41. Rb6 {[%emt 0:13:14]} Be7 {[%emt 0:01:43]} 42. d5 {[%emt 0:00:53]} Rf1 {[%emt 0:01:02]} 43. d6 {[%emt 0:01:37]} 1-0